[Event "POL-chT 2nd League"]
[Site "Wysowa"]
[Date "2007.09.09"]
[Round "7"]
[White "Kowalczuk, Wojciech"]
[Black "Kalinin, Oleg"]
[Result "0-1"]
[WhiteElo "2204"]
[BlackElo "2350"]
[PlyCount "90"]
[EventDate "2007.09.03"]
[EventType "team-swiss"]
[EventRounds "9"]
[EventCountry "POL"]
[SourceTitle "EXT 2010"]
[Source "ChessBase"]
[SourceDate "2010.11.25"]
[SourceVersion "1"]
[SourceVersionDate "2010.11.25"]
[SourceQuality "1"]
[WhiteTeam "Walbrzych KSz Hetman"]
[BlackTeam "Dankowice Pasjonat"]
[WhiteTeamCountry "POL"]
[BlackTeamCountry "POL"]

1. e4 c5 2. Nf3 e6 3. b3 Nf6 4. Nc3 d6 5. Bb2 a6 6. a4 Nc6 7. g3 Qb6 8. d3 Be7 9. Bg2 0-0 10. 0-0 d5 11. Qe2 Qc7 12. Rfe1 d4 13. Nb1 e5 14. Nh4 g6 15. Bc1 Ne8 16. Bh6 Ng7 17. Nd2 Rb8 18. Rf1 Qd8 19. Nhf3 b5 20. Ne1 Bg5 21. Bxg5 Qxg5 22. f4 Qe7 23. h3 f6 24. Kh2 Bd7 25. Ndf3 exf4 26. gxf4 Nh5 27. Qd2 Qd6 28. axb5 axb5 29. Kg1 Qxf4 30. Qxf4 Nxf4 31. Kh2 Ne2 32. Nd2 Nc3 33. Ra6 Kg7 34. Ndf3 Nd1 35. Bh1 Ne3 36. Rf2 Ra8 37. Rxa8 Rxa8 38. e5 Rf8 39. exf6+ Rxf6 40. Re2 Re6 41. Kg1 Re7 42. h4 Bg4 43. Rf2 Nf5 44. Kh2 Nb4 45. Bg2 Nxh4 0-1

[Event "POL-chT 2nd League"]
[Site "Wysowa"]
[Date "2007.09.08"]
[Round "6"]
[White "Malecki, Rafal"]
[Black "Kowalczuk, Wojciech"]
[Result "0-1"]
[WhiteElo "2158"]
[BlackElo "2204"]
[PlyCount "130"]
[EventDate "2007.09.03"]
[EventType "team-swiss"]
[EventRounds "9"]
[EventCountry "POL"]
[SourceTitle "EXT 2010"]
[Source "ChessBase"]
[SourceDate "2010.11.25"]
[SourceVersion "1"]
[SourceVersionDate "2010.11.25"]
[SourceQuality "1"]
[WhiteTeam "Chroscice LZS Victoria"]
[BlackTeam "Walbrzych KSz Hetman"]
[WhiteTeamCountry "POL"]
[BlackTeamCountry "POL"]

1. e4 e6 2. d4 d5 3. e5 c5 4. c3 Nc6 5. Nf3 Qb6 6. a3 Bd7 7. b4 cxd4 8. cxd4 Rc8 9. Bb2 Na5 10. Nbd2 Nc4 11. Bxc4 dxc4 12. Ne4 Bc6 13. Nc5 Qc7 14. Rc1 b6 15. Na4 Qd7 16. Nc3 Ne7 17. 0-0 Nd5 18. Qd2 Be7 19. Ng5 h6 20. Nh3 0-0 21. Qe2 a5 22. bxa5 bxa5 23. Rfe1 Nxc3 24. Rxc3 Rb8 25. Rg3 Rb3 26. Qg4 Rxg3 27. Qxg3 Rb8 28. Bc1 Rb3 29. Qg4 Kh7 30. Qh5 Bf8 31. Qd1 Rd3 32. Qc2 Qxd4 33. Nf4 Qc3 34. Qe2 Rd7 35. Rf1 Qd4 36. Be3 Qe4 37. Rc1 Bxa3 38. f3 Qxe5 39. Rxc4 Qa1+ 40. Kf2 Bd5 41. Qc2+ f5 42. Bd4 Bc5 43. Nxe6 Bxd4+ 44. Nxd4 Be4 45. fxe4 Rxd4 46. exf5 Rxc4 47. Qxc4 Qb2+ 48. Kg3 Qb8+ 49. Kf2 Qa7+ 50. Kf1 a4 51. Qe4 Qb8 52. Kf2 Qb5 53. Qe3 Kg8 54. Qe6+ Kf8 55. Qc8+ Qe8 56. Qc1 Kg8 57. Qc4+ Kh8 58. Qb4 Qd7 59. g4 Qa7+ 60. Ke2 a3 61. g5 hxg5 62. Qf8+ Kh7 63. Qe8 Qa6+ 64. Kd2 a2 65. Qe4 Qf6 0-1

[Event "POL-chT 2nd League"]
[Site "Wysowa"]
[Date "2007.09.06"]
[Round "4"]
[White "Czarnecki, Wojciech"]
[Black "Kowalczuk, Wojciech"]
[Result "1/2-1/2"]
[WhiteElo "2031"]
[BlackElo "2204"]
[PlyCount "24"]
[EventDate "2007.09.03"]
[EventType "team-swiss"]
[EventRounds "9"]
[EventCountry "POL"]
[SourceTitle "EXT 2010"]
[Source "ChessBase"]
[SourceDate "2010.11.25"]
[SourceVersion "1"]
[SourceVersionDate "2010.11.25"]
[SourceQuality "1"]
[WhiteTeam "Pilzno GKSz Hetman"]
[BlackTeam "Walbrzych KSz Hetman"]
[WhiteTeamCountry "POL"]
[BlackTeamCountry "POL"]

1. e4 c5 2. Nf3 Nc6 3. d4 cxd4 4. Nxd4 Qb6 5. Nb3 e6 6. Be3 Qc7 7. Nc3 Nf6 8. a3 Be7 9. f4 d6 10. Bd3 a6 11. Qf3 Bd7 12. g4 g5 1/2-1/2

[Event "POL-chT 2nd League"]
[Site "Wysowa"]
[Date "2007.09.03"]
[Round "1"]
[White "Wcislo, Damian"]
[Black "Kowalczuk, Wojciech"]
[Result "0-1"]
[WhiteElo "2099"]
[BlackElo "2204"]
[PlyCount "70"]
[EventDate "2007.09.03"]
[EventType "team-swiss"]
[EventRounds "9"]
[EventCountry "POL"]
[SourceTitle "EXT 2010"]
[Source "ChessBase"]
[SourceDate "2010.11.25"]
[SourceVersion "1"]
[SourceVersionDate "2010.11.25"]
[SourceQuality "1"]
[WhiteTeam "Krakow TKKF Drogowiec"]
[BlackTeam "Walbrzych KSz Hetman"]
[WhiteTeamCountry "POL"]
[BlackTeamCountry "POL"]

1. d4 Nf6 2. c4 e5 3. dxe5 Ng4 4. e3 Nxe5 5. Nh3 Nbc6 6. f4 Ng6 7. Be2 Bb4+ 8. Nc3 Bxc3+ 9. bxc3 0-0 10. 0-0 d6 11. Nf2 f5 12. Rb1 Kh8 13. Qc2 b6 14. Bd3 Na5 15. e4 Ne7 16. Nd1 Be6 17. Ne3 Qd7 18. Qe2 Rae8 19. Qf3 fxe4 20. Bxe4 Nxc4 21. Nxc4 Bxc4 22. Re1 a5 23. a3 d5 24. Bc2 Qd6 25. Qh3 Ng6 26. Bd2 d4 27. Bxg6 Qxg6 28. cxd4 Re4 29. Qc3 Bd5 30. g3 Rfe8 31. f5 Qxf5 32. Rf1 Qh3 33. Rf2 Re2 34. Re1 Rxe1+ 35. Bxe1 Qe6 0-1

[Event "Owl Mountains Cup 2nd"]
[Site "Dzierzoniow"]
[Date "2007.03.24"]
[Round "7"]
[White "Kowalczuk, Wojciech"]
[Black "Adamek, Przemyslaw"]
[Result "1-0"]
[WhiteElo "2205"]
[BlackElo "1957"]
[PlyCount "84"]
[EventDate "2007.03.17"]
[EventType "swiss"]
[EventRounds "9"]
[EventCountry "POL"]
[SourceTitle "EXT 2011"]
[Source "ChessBase"]
[SourceDate "2010.11.26"]
[SourceVersion "1"]
[SourceVersionDate "2010.11.26"]
[SourceQuality "1"]

1. e4 c5 2. Nf3 Nc6 3. b3 d6 4. Bb2 e5 5. d3 Nf6 6. Nbd2 g6 7. g3 Bg7 8. Bg2 0-0 9. 0-0 Bg4 10. h3 Bxf3 11. Nxf3 Nd7 12. Qd2 f5 13. exf5 gxf5 14. Ng5 Qe7 15. Bd5+ Kh8 16. Ne6 Rf6 17. Nxg7 Qxg7 18. Kh2 f4 19. Rg1 Qh6 20. g4 Qg5 21. Rae1 Rb8 22. Bf3 Ne7 23. Qa5 Qh4 24. Kg2 Nc6 25. Qc7 Rh6 26. Rh1 Qe7 27. c3 Nb6 28. Qxe7 Nxe7 29. d4 Re6 30. dxc5 dxc5 31. c4 Ng6 32. h4 Nd7 33. h5 Ngf8 34. Bd5 Re7 35. Re4 b6 36. Rhe1 Rbe8 37. Rxf4 Ne6 38. Bxe6 Rxe6 39. Rf7 Nf6 40. Rxf6 Rxf6 41. Rxe5 Ref8 42. Rf5 Kg7 1-0

[Event "Owl Mountains Cup 2nd"]
[Site "Dzierzoniow"]
[Date "2007.03.18"]
[Round "4"]
[White "Kowalczuk, Wojciech"]
[Black "Kot, Jerzy"]
[Result "1-0"]
[WhiteElo "2205"]
[BlackElo "2301"]
[PlyCount "85"]
[EventDate "2007.03.17"]
[EventType "swiss"]
[EventRounds "9"]
[EventCountry "POL"]
[SourceTitle "EXT 2011"]
[Source "ChessBase"]
[SourceDate "2010.11.26"]
[SourceVersion "1"]
[SourceVersionDate "2010.11.26"]
[SourceQuality "1"]

1. e4 c5 2. Nf3 g6 3. Nc3 Bg7 4. g3 Nc6 5. Bg2 Nf6 6. 0-0 0-0 7. d3 d5 8. exd5 Nxd5 9. Bd2 Nxc3 10. bxc3 Bg4 11. h3 Be6 12. Qb1 b6 13. Qb5 Rc8 14. a4 h6 15. Rfe1 Qc7 16. Bf4 Qd7 17. Ne5 Nxe5 18. Bxe5 f6 19. Bf4 Rfe8 20. Qxd7 Bxd7 21. Bb7 g5 22. Bxc8 Bxc8 23. Bb8 a6 24. Ba7 c4 25. Bxb6 Bxh3 26. Re4 cxd3 27. cxd3 Kf7 28. Rae1 h5 29. Bc5 Bf8 30. Rb4 Bc8 31. Rb8 h4 32. a5 Bg7 33. d4 e6 34. Reb1 e5 35. dxe5 fxe5 36. R1b6 hxg3 37. fxg3 e4 38. Rc6 Bd7 39. Rxe8 Bxc6 40. Re7+ Kg8 41. Re6 Bb5 42. Rxe4 Kf7 43. Re5 1-0